000 00473nam a2200181 a 4500
001 10771
003 CO-ViMGA
008 141112s2004 ck r 000 u spa d
020 _a9586331822
040 _aCO-ViMGA
_bspa
_cCO-ViMGA
082 0 4 _a843.8 D182ta
100 1 _aDaudet, Alphonse
_948880
245 1 0 _aAventuras prodigiosas de Tartarín de Tarascón
260 _aBogotá Rei Andes1991
300 _a190.p.il.
650 1 4 _aNOVELA FRANCESA
_92629
942 _2ddc
_cBK
999 _c22021
_d22021